000
00215 a2200097 4500
001
10259
100
_a
Fitzgerald, A E
245
_a
Basic electrical engineering
260
_a
_b
McGraw-Hill
_c
090
_c
7929
_d
7929
942
_a
NUST-CAE
_c
M
_c
34632
999
_c
245332
_d
245332